000 nam a22 a 4500
999 _c526
_d526
003 AKMAL
005 20170504103205.0
008 170504s1988 -UK 00 eng d
020 _a0330302620 (pbk.)
040 _aAKMAL
082 0 4 _a153.9 BUZ
090 2 0 _a153
_bBUZ
100 1 _aBuzan, Tony
_91054
245 1 0 _aMake the most of your mind /
_cTony Buzan
260 _aLondon :
_bPan Books,
_c1988
300 _a191p. :
_bill. (some col.) ;
_c20cm
500 _aIncludes index
504 _aBibliography: p. [182]-183
650 _aIntellect
_91055
650 _aThought and thinking
_9913
650 _aBrain
_9911
650 _aSuccess
_92
942 _2ddc
_cBOOK